Formula 1 A-Z 2021 Season - Statistics

General Stats
  • This quiz has been taken 1,389 times
  • The average score is 15 of 25
Answer Stats
Letter Hint Answer % Correct
A Two times world champion who returned to F1 Fernando Alonso
98%
V New World Champion Max Verstappen
83%
P F1 tire supplier Pirelli
81%
Y First name of Gasly´s rookie teammate Yuki Tsunoda
80%
O First time Grand Prix winner Esteban Ocon
79%
Q New F1 race held in the middle east Qatar
79%
I Circuit where Bottas and Russell crashed heavily Imola
77%
J Name of the new F1 circuit in Saudi Arabia Jeddah Courniche Circuit
77%
N First name of the famous spinning russian rookie Nikita Mazepin
76%
D First Name of 2021 F1 driver Daniel Ricciardo
75%
W Team Principal who said on Radio the famous words "Nooo Micheal Nooo, That was totally not right" in Abu Dhabi Toto Wolff
75%
K First name of legendary driver who ended his career in F1 Kimi Raikkonen
74%
L Title deciding crash pilot in Abu Dhabi Nicholas Latifi
68%
U Season Finale took place in this country United Arab Emirates
68%
B driver of the old and new constructors champion Valtteri Bottas
67%
E Circuit part of Spa-Franchorchamps which will be redesigned for the 2022 season Eau Rouge
63%
Z First name of the only team principal who celebrated a 1-2 finish in this season Zak Brown
58%
M F1 Race director Michael Masi
54%
G Has left F1 after this season Antonio Giovinazzi
51%
F main race of the Formula 2 weekend Feature Race
45%
C Williams Team Principal Jost Capito
26%
T Regulation change is coming in 2022 for this part of an F1 car Tire
23%
S Team Principal of the former Force India F1 Team Otmar Szafnauer
19%
R F1 Rookie started under this flag Russian Automobile Federation
8%
H Legendary Austrian F1 commentator Ernst Hausleitner
2%
No matching quizzes found
Score Distribution
Percent of People with Each Score
Percentile by Number Answered
Your Score History
You have not taken this quiz